| 000 | 01274nam0a2200349 4500 | ||
|---|---|---|---|
| 001 | RU\NLR\bibl\375178 | ||
| 005 | 20260405111024.0 | ||
| 010 |
_a5-85907-316-X _920000 |
||
| 021 |
_aRU _b2003-2277 _9100 |
||
| 035 | _a(NLR Aleph) 000369663 | ||
| 090 |
_a387531 _c387531 |
||
| 100 | _a20030304d2002 |||y0rusy50 ca | ||
| 101 | 0 | _arus | |
| 102 | _aRU | ||
| 105 | _aa ||||||||| | ||
| 200 | 1 |
_aКолеса и шины _eКраткий справ. _f[Сост. и ред. А. М. Ладыгин] |
|
| 210 |
_aМ. _cЗа рулем _d2002 |
||
| 215 |
_a122 с. _cил., цв. ил. _d21 |
||
| 313 | _aдля легков. автомоб. | ||
| 606 | 0 |
_aЛегковые автомобили _jСправочники _xКолеса _92280382 _3RU\NLR\auth\661366277 |
|
| 606 | 0 |
_aЛегковые автомобили _jСправочники _xШины _92280369 _3RU\NLR\auth\661366271 |
|
| 675 |
_a629.3.027(035) _v3 _zrus |
||
| 686 |
_a55.43 _2rugasnti |
||
| 686 |
_a39.33я2 _2rubbk |
||
| 686 | _aО335.52-042.6я22 | ||
| 702 | 1 |
_4220 _8rus _7ca _aЛадыгин _bА.М. _gАндрей М. _3RU\NLR\auth\7742082 _925029 |
|
| 801 | 0 |
_aRU _bRKP _c20030304 _gPSBO |
|
| 801 | 1 |
_aRU _bRKP _c20030304 |
|
| 801 | 2 |
_aRU _bNLR _c20060913 _grcr |
|
| 942 | _cBOOK | ||
| 980 | _aNB | ||